|
|
|
|
| LEADER |
00000nab a22000005a 4500 |
| 001 |
AR-BbUGT10135 |
| 003 |
AR-BbUGT |
| 005 |
20210301192052.0 |
| 007 |
ta |
| 008 |
170303s2016||||ag |||p |||| 0|||||spa d |
| 999 |
|
|
|c 15672
|d 15672
|
| 040 |
|
|
|a AR-BbUGT
|c AR-BbUGT
|
| 245 |
0 |
0 |
|a Instituciones, políticas públicas y desarrollo territorial en áreas rurales del Partido de Patagones, provincia de Buenos Aires (2000-2014) /
|c Julia Inés Gabella.
|
| 530 |
|
|
|a Disponible también en formato digital.
|
| 651 |
|
4 |
|a Patagones (Argentina : Partido)
|9 263
|
| 653 |
|
|
|a Espacio rural
|
| 653 |
|
|
|a Desarrollo territorial
|
| 653 |
|
|
|a Políticas públicas
|
| 773 |
0 |
|
|o R7582.44
|g Vol. 25, no. 2 (2016), p. 167-191
|t Revista Universitaria de Geografía
|x 0326-8373
|w AR-BbUGT7010
|
| 773 |
1 |
|
|o R7583.44
|w AR-BbUGT7010
|
| 773 |
1 |
|
|o R7584.44
|w AR-BbUGT7010
|
| 856 |
4 |
1 |
|3 Texto completo.
|u https://www.redalyc.org/articulo.oa?id=383249118007
|y Red de Información Científica Redalyc
|
| 942 |
|
|
|2 ddc
|c ARTPP
|